Հասարակութեան նեցուկները : (Record no. 83833)
[ view plain ]
| 000 -LEADER | |
|---|---|
| fixed length control field | 00909nam a2200217 a 4500 |
| 001 - CONTROL NUMBER | |
| control field | 000236987 |
| 003 - CONTROL NUMBER IDENTIFIER | |
| control field | AM-YeHGA |
| 005 - DATE AND TIME OF LATEST TRANSACTION | |
| control field | 20251204101501.0 |
| 008 - FIXED-LENGTH DATA ELEMENTS--GENERAL INFORMATION | |
| fixed length control field | 030619s1904 gs 000 | arm d |
| 040 ## - CATALOGING SOURCE | |
| Original cataloging agency | AM-YeHGA |
| Transcribing agency | AM-YeHGA |
| 041 1# - LANGUAGE CODE | |
| Language code of text/sound track or separate title | arm |
| Language code of original | ger |
| 100 1# - MAIN ENTRY--PERSONAL NAME | |
| Personal name | Իբսէն, Հենրիկ |
| 245 10 - TITLE STATEMENT | |
| Title | Հասարակութեան նեցուկները : |
| Remainder of title | Դրամա չորս գործողութեամբ / |
| Statement of responsibility, etc. | Հ. Իբսէն ; Գերմ. թարգմ.՝ Լ. Բաբայեան. |
| 260 ## - PUBLICATION, DISTRIBUTION, ETC. | |
| Place of publication, distribution, etc. | Թիֆլիս : |
| Name of publisher, distributor, etc. | տպ. Հերմէս, |
| Date of publication, distribution, etc. | 1904. |
| 300 ## - PHYSICAL DESCRIPTION | |
| Extent | 116 էջ : |
| Other physical details | 1 թ. դիմանկ. ; |
| Dimensions | 21 սմ. |
| 440 #0 - SERIES STATEMENT/ADDED ENTRY--TITLE | |
| Title | Թատերական գրուածներ |
| 650 14 - SUBJECT ADDED ENTRY--TOPICAL TERM | |
| Topical term or geographic name entry element | Գերմանական գրականություն |
| 9 (RLIN) | 5149 |
| 700 1# - ADDED ENTRY--PERSONAL NAME | |
| Personal name | Բաբայան, Լևոն |
| Relator term | թարգմ. |
| Relationship | trl |
| 856 41 - ELECTRONIC LOCATION AND ACCESS | |
| Uniform Resource Identifier | <a href="http://greenstone.flib.sci.am/gsdl/collect/hajgirqn/book/hasarakutyan_1904.pdf">http://greenstone.flib.sci.am/gsdl/collect/hajgirqn/book/hasarakutyan_1904.pdf</a> |
| Link text | Կարդալ առցանց |
| 942 ## - ADDED ENTRY ELEMENTS (KOHA) | |
| Source of classification or shelving scheme | Universal Decimal Classification |
| Koha item type | Գրքեր / Books |
| Withdrawn status | Lost status | Source of classification or shelving scheme | Damaged status | Not for loan | Collection | Home library | Current library | Date acquired | Total checkouts | Full call number | Barcode | Date last seen | Price effective from | Koha item type | Public note | Cost, replacement price |
|---|---|---|---|---|---|---|---|---|---|---|---|---|---|---|---|---|
| Universal Decimal Classification | Agulian Individual Collection | Fundamental Scientific Library | Fundamental Scientific Library | 22/12/2016 | Ագուլ/464 | FL0080424 | 22/12/2016 | 22/12/2016 | Գրքեր / Books | ILL Non-Circ. | ||||||
| Universal Decimal Classification | General | Fundamental Scientific Library | Fundamental Scientific Library | 22/12/2016 | AII/21402 | FL0006222 | 22/12/2016 | 22/12/2016 | Գրքեր / Books | 30 Days Loan | 50.00 | |||||
| Universal Decimal Classification | General | Fundamental Scientific Library | Fundamental Scientific Library | 22/12/2016 | AII/21403 | FL0006223 | 22/12/2016 | 22/12/2016 | Գրքեր / Books | 30 Days Loan | ||||||
| Universal Decimal Classification | General | Fundamental Scientific Library | Fundamental Scientific Library | 22/12/2016 | AII/21404 | FL0006224 | 22/12/2016 | 22/12/2016 | Գրքեր / Books | 30 Days Loan | ||||||
| Universal Decimal Classification | Zhamkochyan Individual collection | Fundamental Scientific Library | Fundamental Scientific Library | 12/09/2025 | Ժամ/287 | FL0691418 | 12/09/2025 | 12/09/2025 | Գրքեր / Books | ILL Non Circ. |
ՀՀ Գիտությունների ազգային ակադեմիայի հիմնարար գիտական գրադարան = Fundamental Scientific Library of NAS RA
All site content, except where otherwise noted, is licensed under a